Política económica coyuntural / (Record no. 5873)
[ view plain ]
| 000 -LEADER | |
|---|---|
| campo de control de longitud fija | 00625nam a2200217 i 4500 |
| 001 - NÚMERO DE CONTROL | |
| campo de control | 5873 |
| 003 - IDENTIFICADOR DE NÚMERO DE CONTROL | |
| campo de control | ES-MaACL |
| 005 - FECHA Y HORA DE LA ÚLTIMA TRANSACCIÓN | |
| campo de control | 20230906144719.0 |
| 007 - CAMPO FIJO DE DESCRIPCIÓN FÍSICA--INFORMACIÓN GENERAL | |
| campo de control de longitud fija | t| |
| 008 - DATOS DE LONGITUD FIJA--INFORMACIÓN GENERAL | |
| campo de control de longitud fija | 890601s1987 sp f ||||1| spa d |
| 020 ## - NÚMERO INTERNACIONAL ESTÁNDAR DEL LIBRO | |
| Número Internacional Estándar del Libro | 84-7288-012-5 |
| 080 ## - NÚMERO DE LA CLASIFICACIÓN DECIMAL UNIVERSAL | |
| Número de la Clasificación Decimal Universal | 338.98(02) |
| 100 1# - ENTRADA PRINCIPAL--NOMBRE DE PERSONA | |
| Nombre de persona | Fernández Díaz, Andrés. |
| 9 (RLIN) | 49739 |
| 245 10 - MENCIÓN DEL TÍTULO | |
| Título | Política económica coyuntural / |
| Mención de responsabilidad, etc. | Andrés Fernández Díaz. |
| 250 ## - MENCION DE EDICION | |
| Mención de edición | 3ª ed. rev. y actualizada. |
| 260 ## - PUBLICACIÓN, DISTRIBUCIÓN, ETC. | |
| Lugar de publicación, distribución, etc. | Madrid : |
| Nombre del editor, distribuidor, etc. | AC, |
| Fecha de publicación, distribución, etc. | D.L. 1987. |
| 300 ## - DESCRIPCIÓN FÍSICA | |
| Extensión | XII, 309 p. ; |
| Dimensiones | 24 cm. |
| 504 ## - NOTA DE BIBLIOGRAFÍA, ETC. | |
| Nota de bibliografía, etc. | Bibliografía. |
| 650 04 - PUNTO DE ACCESO ADICIONAL DE MATERIA--TÉRMINO DE MATERIA | |
| Término de materia o nombre geográfico como elemento de entrada | Política económica. |
| 9 (RLIN) | 16293 |
| 852 ## - LOCALIZACIÓN | |
| Ubicación | ES-MaACL |
| Número de control de estantería | L-12882 |
| Nota libre | . - rúst. |
| Estatus retirado | Estado de pérdida | Estado de daño | No para préstamo | Biblioteca de origen | Biblioteca actual | Ubicación en estantería | Fecha de adquisición | Fuente de adquisición | Total de préstamos | Signatura topográfica completa | Código de barras | Visto por última vez | Precio de reemplazo | Tipo de ítem Koha |
|---|---|---|---|---|---|---|---|---|---|---|---|---|---|---|
| Biblioteca del Ateneo de Madrid | Biblioteca del Ateneo de Madrid | Depósito 2 | 17/01/2008 | L-12882 | 1005967 | 23/02/2023 | 23/02/2023 | Libro impreso |
